Statistics for Guess The Currency

Click here to take the quiz!

General Stats

  • This quiz has been taken 14 times
  • The average score is 7 of 9

Answer Stats

Answer% Correct
Euro/Europe
100%
US Dollar/USA/Dollar
100%
English Pound/England/UK/Pound
86%
Indian Rupee/India/Rupee
79%
South African Rand/South Africa/Rand
79%
Japanese Yen/Japan/Yen
79%
Mexican Peso/Mexico/Peso
71%
Monopoly
71%
Egyptian Pound/Egypt
29%

Score Distribution

Percentile by Number Answered

Percent of People with Each Score

Your Score History

You have not taken this quiz